| 000 | 00390nam a2200157Ia 4500 | ||
|---|---|---|---|
| 999 |
_c29790 _d29790 |
||
| 003 | OSt | ||
| 005 | 20250624131045.0 | ||
| 008 | 250310s9999||||xx |||||||||||||| ||und|| | ||
| 040 | _c. | ||
| 082 |
_a940.544 _bH649 |
||
| 100 |
_96040 _aHillary, Richard |
||
| 245 | 0 |
_aThe last enemy / _cRichard Hillary |
|
| 260 |
_aLondon : _bMacmillan & co ltd, _c1954. |
||
| 300 | _a253 p. | ||
| 942 |
_cBK _2ddc |
||